000 00667nam a2200277Ia 4500
005 20260121125524.0
008 008 260114s9999 xx 000 0 eng d
020 _a9783954876921
037 _aEBOOK
040 _aCRL
040 _beng
040 _cCRL
041 _2eng
041 _aeng
084 _qCRL
100 _aIngenschay, Dieter
_9994381
245 0 _aEventos del deseo
260 _bWalter de Gruyter
260 _bWalter de Gruyter
260 _c2018
650 _aGermanic and Romanic Studies
_9994382
856 _uhttp://www.degruyter.com/isbn/9783954876921
942 _cEBOOK
999 _c1562612
_d1562612